00984nam a2200217 a 4500001001000000005001700010008004100027020001800068050002100086245008900107260008400196300005400280500014900334500005000483504003200533546003600565600005400601650003200655650004600687700003300733BRCA_104120190320203244.0090408s2007----ve-a---###---#000-0#spa-# a9789945859645 4aND233b.D40 200710aDe oficio pintorbarte colonial venezolanoccolección Patricia Phelps de Cisneros. aSantiago de los Caballeros, CaracasbFundación Cisneros : Centro Leónc2007 a126 p.bil. a color, fotografías, mapasc28 cm. aCatálogo de la exposición realizada en el Centro León (Santiago de los Caballeros, República Dominicana), 21 junio - 16 septiembre, 2007 a2do. ejemplar en el Área de Investigación aBibliografía : p. 104-107 aTexto en : español e inglés14aPhelps de Cisneros, PatriciaxColecciones de arte14aPintura colonialzVenezuela14aPintura religiosaySiglo XVIIIzVenezuela1 aPhelps de Cisneros, Patricia